| 000 | 00579nam a2200181Ia 4500 | ||
|---|---|---|---|
| 003 | OSt | ||
| 005 | 20250522160118.0 | ||
| 008 | 210210b1981 xxu||||| |||| 00| 0 eng d | ||
| 040 | _cAL | ||
| 082 | _aK894.308 SUMT | ||
| 100 |
_aSUMATINDRA NADIGA _9196068 _dಸುಮತೀಂದ್ರ ನಾಡಿಗ |
||
| 245 |
_aTabbaligalu: ayda kathegala sangraha. _bತಬ್ಬಲಿಗಳು :ಆಯ್ದ ಕಥೆಗಳ ಸಂಗ್ರಹ |
||
| 260 |
_aBengaluru _bShilpa Prakashana _c1981 |
||
| 300 | _a138 | ||
| 690 |
_aKannada Fiction _9196069 |
||
| 906 | _a035319 | ||
| 942 |
_2ddc _cBK |
||
| 999 |
_c85882 _d85882 |
||